000 00523nam a2200193Ia 4500
001 3306
003 IN-NITTTR
005 20251114232946.0
008 251113s9999||||xx |||||||||||||| ||eng||
040 _beng
040 _cIN-NITTTR
041 _aeng
082 _a721 P223M
100 _aParker, Harry
245 0 _aMaterials and methods of architectural construction. /
_cParker, Harry, Gay, Merrick Charles, MacGuire, John W.
700 _a Gay, Merrick Charles
700 _a MacGuire, John W.
942 _2ddc
_cBK
999 _c5617
_d5617